| 000 | 00483pab a2200193 454500 | ||
|---|---|---|---|
| 008 | 180718b2011 xxu||||| |||| 00| 0 eng d | ||
| 100 | _aGopalan, V. | ||
| 245 | _aRelevance of `cost of capital' in investment decision making | ||
| 260 | _c2011 | ||
| 300 | _ap.217-218. | ||
| 362 | _aMar | ||
| 650 | _a Investment | ||
| 650 | _aCapital | ||
| 650 | _aDecision making | ||
| 650 | _aFinancial administration | ||
| 773 | _aManagement Accountant | ||
| 908 | _aN | ||
| 909 | _a91128 | ||
| 999 |
_c91128 _d91128 |
||